|
|
|
|
| LEADER |
02228nam a22005415i 4500 |
| 001 |
978-3-319-00996-4 |
| 003 |
DE-He213 |
| 005 |
20150519180011.0 |
| 007 |
cr nn 008mamaa |
| 008 |
130930s2013 gw | s |||| 0|eng d |
| 020 |
|
|
|a 9783319009964
|9 978-3-319-00996-4
|
| 024 |
7 |
|
|a 10.1007/978-3-319-00996-4
|2 doi
|
| 040 |
|
|
|d GrThAP
|
| 050 |
|
4 |
|a QP34-38
|
| 072 |
|
7 |
|a MFG
|2 bicssc
|
| 072 |
|
7 |
|a MED075000
|2 bisacsh
|
| 082 |
0 |
4 |
|a 612
|2 23
|
| 245 |
1 |
0 |
|a Reviews of Physiology, Biochemistry and Pharmacology, Vol. 164
|h [electronic resource] /
|c edited by Bernd Nilius, Susan G. Amara, Roland Lill, Stefan Offermanns, Thomas Gudermann, Ole H. Petersen, Reinhard Jahn.
|
| 264 |
|
1 |
|a Cham :
|b Springer International Publishing :
|b Imprint: Springer,
|c 2013.
|
| 300 |
|
|
|a V, 116 p. 16 illus., 14 illus. in color.
|b online resource.
|
| 336 |
|
|
|a text
|b txt
|2 rdacontent
|
| 337 |
|
|
|a computer
|b c
|2 rdamedia
|
| 338 |
|
|
|a online resource
|b cr
|2 rdacarrier
|
| 347 |
|
|
|a text file
|b PDF
|2 rda
|
| 490 |
1 |
|
|a Reviews of Physiology, Biochemistry and Pharmacology,
|x 0303-4240 ;
|v 164
|
| 520 |
|
|
|a T. Hara, I. Kimura, D. Inoue, A. Ichimura, and A. Hirasawa: Free fatty acid receptors and their role in regulation of energy metabolism. B. Nilius and G. Appendino. Spices: the savory and healthy science of pungency.
|
| 650 |
|
0 |
|a Medicine.
|
| 650 |
|
0 |
|a Human physiology.
|
| 650 |
|
0 |
|a Gastroenterology.
|
| 650 |
|
0 |
|a Metabolic diseases.
|
| 650 |
1 |
4 |
|a Biomedicine.
|
| 650 |
2 |
4 |
|a Human Physiology.
|
| 650 |
2 |
4 |
|a Metabolic Diseases.
|
| 650 |
2 |
4 |
|a Gastroenterology.
|
| 700 |
1 |
|
|a Nilius, Bernd.
|e editor.
|
| 700 |
1 |
|
|a Amara, Susan G.
|e editor.
|
| 700 |
1 |
|
|a Lill, Roland.
|e editor.
|
| 700 |
1 |
|
|a Offermanns, Stefan.
|e editor.
|
| 700 |
1 |
|
|a Gudermann, Thomas.
|e editor.
|
| 700 |
1 |
|
|a Petersen, Ole H.
|e editor.
|
| 700 |
1 |
|
|a Jahn, Reinhard.
|e editor.
|
| 710 |
2 |
|
|a SpringerLink (Online service)
|
| 773 |
0 |
|
|t Springer eBooks
|
| 776 |
0 |
8 |
|i Printed edition:
|z 9783319009957
|
| 830 |
|
0 |
|a Reviews of Physiology, Biochemistry and Pharmacology,
|x 0303-4240 ;
|v 164
|
| 856 |
4 |
0 |
|u http://dx.doi.org/10.1007/978-3-319-00996-4
|z Full Text via HEAL-Link
|
| 912 |
|
|
|a ZDB-2-SBL
|
| 950 |
|
|
|a Biomedical and Life Sciences (Springer-11642)
|